USA 'I' Cities Quiz Stats

 Plays Quiz not verified by Sporcle

Also try: Brazil's Borders
Challenge
Share
Tweet
Embed
Score 0/20 Timer 05:00
0 Plays Today
2010 Population City % Correct
820,445Indianapolis, IN
97.9%
216,290Irving, TX
83.6%
212,375Irvine, CA
82.7%
67,862Iowa City, IA
79.2%
56,813Idaho Falls, ID
66.9%
30,014Ithaca, NY
65.7%
109,673Inglewood, CA
60.3%
116,830Independence, MO
56.8%
24,757Independence, KY
56.8%
76,036Indio, CA
50.9%
2010 Population City % Correct
33,880Inver Grove Heights, MN
38.9%
33,518Indian Trail, NC
34.1%
25,369Inkster, MI
34.1%
30,434Issaquah, WA
31.6%
51,692Irondequoit, NY
28.9%
23,096Isla Vista, CA
26%
26,324Imperial Beach, CA
24.9%
24,154Immokalee, FL
21%
23,476Ilchester, MD
20%
19,525Ives Estates, FL
16.8%

You're not logged in!

Compare scores with friends on all Sporcle quizzes.
Join for Free
OR
Log In

You Might Also Like...

Show Comments

Extras

Top Quizzes Today


Score Distribution

Your Account Isn't Verified!

In order to create a playlist on Sporcle, you need to verify the email address you used during registration. Go to your Sporcle Settings to finish the process.

Report this User

Report this user for behavior that violates our Community Guidelines.

Details: